000 00514nam a2200169Ia 4500
005 20250508160159.0
008 008 250505s9999 xx 000 0 eng d
037 _aTextual
040 _aFEDL
_beng
_cFEDL
041 _aeng
_2eng
084 _a370.78016, RAJ
_qFEDL
245 0 _aAbstracts of research projects in education Vol. 3 and 4
260 _aRajasthan, India
_bBasic Teachers' Training Collage
650 _aEducation
942 _cTEXL
_h370.78016, RAJ
999 _c1362457
_d1362457